000 00327nam a2200121Ia 4500
003 GCL
008 140319s9999 xx 000 0 ara d
040 _aGCL /
_cGCL
082 0 4 _aم
_b953.035
_bع م
245 1 0 _aموسوعة الغرب العربى
260 _a[S.N] :
_bمكتبة مدبولى ،
_c1994
300 _aمتعدد
999 _c59301
_d59301